Đánh giá hiện trạng và định hướng phát triển nông nghiệp đô thị tại thành phố Sóc Trăng, tỉnh Sóc Trăng : Luận văn tốt nghiệp cao học. Ngành phát triển nông thôn

Nội dung nhằm đánh giá thực trạng và định hướng phát triển nông nghiệp đô thị tại TPST bao gồm những mô hình sản xuất có tính khả thi cao phù hợp với điều kiện của vùng, góp phần tham mưu xây dựng đề án phát triển nông nghiệp đô thị đê...

Volledige beschrijving

Bewaard in:
Bibliografische gegevens
Hoofdauteur: Nguyễn, Thanh Thúy
Formaat: Boek
Taal:Undetermined
Gepubliceerd in: Cần Thơ Đại học Cần Thơ 2013
Onderwerpen:
Tags: Voeg label toe
Geen labels, Wees de eerste die dit record labelt!
Thư viện lưu trữ: Trung tâm Học liệu Trường Đại học Cần Thơ
LEADER 01317nam a2200229Ia 4500
001 CTU_189019
008 210402s9999 xx 000 0 und d
082 |a 338.1 
082 |b Th523 
088 |a 60620116 
100 |a Nguyễn, Thanh Thúy 
245 0 |a Đánh giá hiện trạng và định hướng phát triển nông nghiệp đô thị tại thành phố Sóc Trăng, tỉnh Sóc Trăng : 
245 0 |b Luận văn tốt nghiệp cao học. Ngành phát triển nông thôn 
245 0 |c Nguyễn Thanh Thúy ; Nguyễn Ngọc Đệ (hướng dẫn) 
260 |a Cần Thơ 
260 |b Đại học Cần Thơ 
260 |c 2013 
520 |a Nội dung nhằm đánh giá thực trạng và định hướng phát triển nông nghiệp đô thị tại TPST bao gồm những mô hình sản xuất có tính khả thi cao phù hợp với điều kiện của vùng, góp phần tham mưu xây dựng đề án phát triển nông nghiệp đô thị đến năm 2015 tầm nhìn đến năm 2020. 
650 |a Nông nghiệp đô thị 
650 |x Định hướng 
904 |i Qhieu, Cao Thị Mỹ 
980 |a Trung tâm Học liệu Trường Đại học Cần Thơ